000 00377nam a2200133Ia 4500
005 20260328101530.0
008 260328s9999||||xx |||||||||||||| ||und||
100 _aHernández Garcia, Iliana
245 0 _aMundo virtuales habitados :
_bEspacios electronicos interactivos /
_cIliana Hernández Garcia
260 _bCeja
300 _a177 p.
650 _aARQUITECTURA
942 _cBK
999 _c9937
_d9937